Uso de las TIC en la educación remota de emergencia en Colombia a partir de la contingencia del COVID-19 = use of ICTs in remote emergency education in Colombia after the COVID-19 contingency /

Bibliographic Details
Main Author: Vargas Vargas, Alexander (Author)
Other Authors: Cipagauta Moyano, Marisol Esperanza (Editor), Hinestroza Rojas, Nataly (Editor)
Format: Electronic eBook
Language:Spanish
Published: Bogotá D.C., Colombia : Corporación Universitaria Minuto de Dios - UNIMINUTO, 2022.
Edition:Primera edición.
Series:Maestría en educación (UNIMINUTO (University))
Subjects:
Online Access:Digitalia Hispánica

MARC

LEADER 00000nam a2200000 i 4500
001 DIGCUMD0300
003 NyNyDIG
006 m o d
007 cr |||||||||||
008 240401s2022 ck a ob 000 0 spa d
035 |a (OCoLC)1430189082 
040 |a DGITA  |b eng  |e rda  |e pn  |c DGITA 
020 |a 9789587635942  |q eBook 
041 0 |a spa  |b spa  |b eng 
043 |a s-ck---  
050 1 4 |a T173.8 ebook 
245 0 0 |a Uso de las TIC en la educación remota de emergencia en Colombia a partir de la contingencia del COVID-19 =  |b use of ICTs in remote emergency education in Colombia after the COVID-19 contingency /  |c compiladoras Marisol Esperanza Cipagauta Moyano, Nataly Hinestroza Rojas ; autores Alexander Vargas Vargas [and 15 others]. 
246 1 |i English title on cover:  |a Use of ICTs in remote emergency education in Colombia after the COVID-19 contingency 
250 |a Primera edición. 
264 1 |a Bogotá D.C., Colombia :  |b Corporación Universitaria Minuto de Dios - UNIMINUTO,  |c 2022. 
300 |a 1 online resource :  |b illustrations. 
336 |a text  |b txt  |2 rdacontent 
337 |a computer  |b c  |2 rdamedia 
338 |a online resource  |b cr  |2 rdacarrier 
347 |a text file  |2 rdaft 
347 |b PDF 
490 1 |a Maestría en Educación 
504 |a Includes bibliographical references. 
546 |a Text in Spanish with abstract in Spanish and English in each chapter.  
588 0 |a Online resource; title from PDF title page (Digitalia, viewed April 1, 2024) 
650 0 |a Technological innovations  |z Colombia. 
650 0 |a Education  |z Colombia. 
700 1 |a Cipagauta Moyano, Marisol Esperanza,  |e editor. 
700 1 |a Hinestroza Rojas, Nataly,  |e editor. 
700 1 |a Vargas Vargas, Alexander,  |e author. 
791 2 |a Digitalia (Firm),  |e distributor. 
793 0 |g Digitalia eBook Collection:  |a Corporación Universitaria Minuto de Dios 
830 0 |a Maestría en educación (UNIMINUTO (University)) 
856 4 0 |3 Digitalia Hispánica  |u https://www.digitaliapublishing.com/a/131844/ 
910 |a Premium collection: 2024